| 000 | 00000nam 2200000zi 4500 |
| 001 | 9.865653 |
| 003 | CaOODSP |
| 005 | 20221107161841 |
| 006 | m o d f |
| 007 | cr nn||||||||| |
| 008 | 181205t20192019quc o f000 0 eng d |
| 020 | |a9780660288581|qstatic |
| 020 | |a9780660288598|qinteractive |
| 040 | |aCaOODSP|beng|erda|cCaOODSP |
| 043 | |an-cn--- |
| 086 | 1 |aSG5-101/2018E-1-PDF|zSG5-101/2019E-1-PDF |
| 086 | 1 |aSG5-101/2018E-2-PDF|zSG5-101/2019E-2-PDF |
| 245 | 00|aCanada Pension Plan disability benefit toolkit : |byour complete guide. |
| 264 | 1|a[Gatineau, Quebec] : |bService Canada, |c2019. |
| 264 | 4|c©2019 |
| 300 | |a1 online resource (2 volumes) |
| 336 | |atext|btxt|2rdacontent |
| 337 | |acomputer|bc|2rdamedia |
| 338 | |aonline resource|bcr|2rdacarrier |
| 500 | |aIssued also in French under title: Boite à outils du programme de prestations d'invalidité du Régime de pensions du Canada : votre guide complet. |
| 500 | |aCover title. |
| 500 | |a"Winter 2019." |
| 500 | |aIncludes the static version and the interactive version. |
| 500 | |aIssued also in HTML format. |
| 692 | 07|2gccst|aDisability pensions |
| 710 | 1 |aCanada. |bService Canada, |eissuing body. |
| 775 | 08|tBoite à outils du programme de prestations d'invalidité du Régime de pensions du Canada : |w(CaOODSP)9.865655 |
| 794 | |tCanada Pension Plan disability benefit toolkit : |bFall 2021|w(CaOODSP)9.902031 |
| 856 | 40|qPDF|s483 KB|uhttps://publications.gc.ca/collections/collection_2019/servcan/SG5-101-2018-eng-1.pdf|z(static) |
| 856 | 40|qPDF|s1.85 MB|uhttps://publications.gc.ca/collections/collection_2019/servcan/SG5-101-2018-eng-2.pdf|z(interactive) |
| 856 | 4 |qHTML|sN/A|uhttps://www.canada.ca/en/employment-social-development/programs/pension-plan-disability-benefits/reports/toolkit.html|z(html) |
| 986 | |aSC-335-01-19E |